000 00745nam a2200205 u 4500
005 20230525063721.0
008 130312s2011 mx r 000 0 spa d
020 _a9786074670721
035 _aUPN01000190237
049 _aCG
050 4 _aLB1585
_bC5.4
245 0 4 _aLas ciencias naturales en educación básica :
_bformación de ciudadanía para el siglo XXI /
_ccoord. Leopoldo F. Rodríguez Gutiérrez.
260 _aMéxico :
_bSEP :
_bUPN,
_c2011.
300 _a174 p. :
_btablas
440 0 _aTeoría y práctica curricular de la educación básica
650 4 _aCiencias naturales
_xEstudio y enseñanza (Elemental)
_92812
700 1 _aRodríguez Gutiérrez, Leopoldo Felipe
_ecoord.
_942795
905 _aLibro
999 _c162340
_d162340